00870nam a2200229 i 4500001000700000003000900007005001700016007000300033008004100036100004000077245015900117250001200276260003700288300002000325650003800345700003900383700002500422700002600447852002400473999001900497952012400516129509ES-MaACL20230906193521.0t|070625s1920 sp ||||1| spa d1 aTestut, Léo (d1849-1925)913319510aTratado de anatomía topográfica con aplicaciones médico-quirúrgicas / cpor Jean Leon Testut, O. Jacob ; traducido por J. Góngora, R. Zariquiey. a3ª ed. aBarcelona : bP. Salvat, c1920. a2 v. ; c25 cm. 4aAnatomía topográfica.91514071 aJacob, Octave (d1867-1928)9658321 aGóngora, J.9582401 aZariquiey, R.9118076 aES-MaACLjE-1295-96 c129509d129509 00104070aATENEOMbATENEOMcDEPO2d2008-01-17eSCl0oE-1295-96p1134862r2023-02-23 00:00:00w2023-02-23yMONOGRAFIA